000 00790nam a22002297a 4500
005 20141201123403.0
010 _aENG-111241
020 _a9788125055693
_c525.00
035 _aEN-94773
037 _bDBAD/PUB
082 _a954.035092
100 _aRaghu, A.
245 _aDuty, destiny and glory :
_cby A. Raghu
_bthe life of C. P. Ramaswami Aiyar /
260 _aNew Delhi
_bOrient Blackswan
_c2014
270 _a1/24, Asaf Ali Road
_bNew Delhi
_e110002
300 _axiii, 200p. :
_c23cm(Hb)
_bill.(b&w)
500 _aIncludes bibliographical references (pages 189-196) and index.
600 _a Ramaswami Aiyar, C. P.
_d1879-1966.
650 _aPoliticians
_zIndia
_v Biography.
650 _aLawyers
_z India
_v Biography.
942 _2ddc
_cEN
_mRAG
_h954.035092
999 _c90071
_d90071